000 00375 a2200157 4500
001 148203
040 _cEscola São Tomás de Aquino
100 _aSANTOS, Joel Rufino dos
240 1 0 _aHistória de trancoso
_lpor
245 1 0 _aHistória de trancoso
300 _a32
362 0 _a2000
440 1 _aLenice Bueno da Silva
697 _a*LITERATURA INFANTO
942 _cBK
999 _c148203
_d148203